| 000 | 00956cam a2200217 4500 | ||
|---|---|---|---|
| 001 | ABS66668 | ||
| 008 | 030523n2002 000 0 eng u | ||
| 035 | _a(Sirsi) u122386 | ||
| 100 | _aSaul, D. | ||
| 245 | _aSustainability appraisal in practice : Defence Estates example | ||
| 260 | _c2002 | ||
| 490 |
_aRICS Building Surveying Faculty Feature _v2 May 2003 (3) |
||
| 520 | _aOutlines how Defence Estates is working to introduce sustainability and environmental appraisal processes into its projects. The article considers what constitutes sustainability appraisal, drivers for change, useful guidance and tolls for practitioners, and some of the practical lessons learnt by Defence Estates. References. | ||
| 590 | _aABS | ||
| 650 | _aENVIRONMENTAL APPRAISAL | ||
| 650 | _aSUSTAINABILITY APPRAISAL MECHANISM | ||
| 650 | _aSUSTAINABLE CONSTRUCTION | ||
| 690 | _aBUILDING AND CONSTRUCTION-SUSTAINABLE | ||
| 700 | _aWhitehead, L. | ||
| 942 | _n0 | ||
| 999 |
_c72743 _d72743 |
||